000 00660nam a2200253Ia 4500
003 OSt
005 20220918200337.0
006 a|||||r|||| 00| 0
007 ta
008 220917b |||||||| |||| 00| 0 eng d
024 _a88,390
037 _cTextual
040 _aARTS
_cARTS
_beng
041 _2eng
_aeng
082 _aT5, M2
100 _aJackson Stevi
_993646
245 0 _aChildhood and sexuality
260 _aOxford
_bBasil Blackwell
_c1982
300 _a184p.
_ccm.
490 _aUnderstanding everyday experience
650 _aSEX EDUCATION
_993647
942 _hT5, M2
_cTEXL
_2CC
999 _c212078
_d212078